000 00590nam a22002177a 4500
003 UA-OsUOA
001 58566
007 ta
008 20090217b un ||||| |||| 00| 0 ukr d
100 _aПростопчук О.
090 _a908
_bП82
942 _cSA
040 _aUA-OsUOA
_bukr
_cUA-OsUOA
_dUA-OsUOA
245 _aЛеонід Кравчук: "Влада втратила відповідальність перед народом"
300 _aС.1
955 _a0
041 _aukr
080 _a908
773 0 _w58565
650 7 _a908 Краєзнавство
_2UDC
999 _c344645
_d344645